Statistics for Země podle písmene - T

Click here to take the quiz!

General Stats

  • This quiz has been taken 99 times
  • The average score is 6 of 10

Answer Stats

Stát% Correct
Turecko
88%
Tádžikistán
80%
Turkmenistán
80%
Tunisko
68%
Tanzanie
63%
Tuvalu
59%
Thajsko
56%
Togo
46%
Tonga
46%
Trinidad a Tobago
46%

Score Distribution

Percentile by Number Answered

Percent of People with Each Score

Your Score History

You have not taken this quiz